Amalan kerja konkrit

Bibliographic Details
Main Author: Blackledge, G .F
Format: Book
Published: Johor : Universiti teknologi malaysia , 1992
Subjects:

MARC

LEADER 00000cam a2200000 7i4500
001 0000014237
005 20050613.0
020 |a 9839585746 
040 |a INS 
090 0 0 |a TA682.4   |b B56 1992 
100 1 |a Blackledge, G .F. 
245 1 0 |a Amalan kerja konkrit   |c G. F. Blackledge 
260 |a Johor :   |b Universiti teknologi malaysia ,   |c 1992 
300 |a 2 :   |b 77p ;   |c 30cm. 
650 0 0 |a Concrete construction 
999 |a 0000014325   |b BOOK   |c Red Spot   |e Default branch 
999 |a 0000014326   |b BOOK   |c Open Shelf   |e Default branch 
999 |a 0000014327   |b BOOK   |c Open Shelf   |e Default branch 
999 |a 0000014328   |b BOOK   |c Open Shelf   |e Default branch 
999 |a 0000014329   |b BOOK   |c Open Shelf   |e Default branch